000 00384nam a2200157Ia 4500
003 OSt
005 20230526110236.0
008 211028s2017 xx 000 0 und d
040 _cAIMIT LIBRARY
041 _aeng
100 _aMuthappa, Kavery; Santhosh, B.
_98700
_e151915
110 _aSanthosh B
_98701
245 _aBake house.
260 _aMangalore
_c2017
942 _2ddc
_cPRO
999 _c220019
_d220019